[Event "PRO League Group Stage"]
[Site "chess.com INT"]
[Date "2020.02.17"]
[Round "7"]
[White "Narayanan, Srinath"]
[Black "Herrera Reyes, Jose Antonio"]
[Result "1-0"]
[WhiteTitle "GM"]
[BlackTitle "FM"]
[WhiteElo "2535"]
[BlackElo "2304"]
[WhiteTeam "Norway Gnomes"]
[BlackTeam "Spain Raptors"]
[WhiteFideId "5018420"]
[BlackFideId "2274914"]
[EventDate "2020.01.06"]

1. Nf3 c5 2. c4 b6 3. g3 Bb7 4. Bg2 Qc7 5. O-O e6 6. Nc3 a6 7. d4 cxd4 8. Qxd4
Nf6 9. Rd1 Be7 10. Bf4 Qc8 11. Qxb6 Bc5 12. Qb3 Ng4 13. e3 O-O 14. Na4 Ba7 15.
Bd6 Re8 16. c5 Bd5 17. Rxd5 exd5 18. Qxd5 Nc6 19. Ng5 Nh6 20. Qd3 g6 21. Qc4 Qd8
22. Qh4 Kg7 23. Qxh6+ Kxh6 24. Nxf7+ Kg7 25. Nxd8 Raxd8 26. Rd1 Bb8 27. Nb6 Bxd6
28. Rxd6 Ne5 29. h3 Kf8 30. b4 Rb8 31. f4 Nf7 32. Nxd7+ Kg7 33. Rd4 Rbc8 34. Kf2
Re7 35. Nb6 Rb8 36. a4 Nd8 37. Bd5 Rc7 38. Kf3 a5 39. bxa5 Rxc5 40. Nd7 Rxd5 41.
Rxd5 Ra8 42. Nb6 Rb8 43. Rxd8 Rxd8 44. a6 Rd4 45. exd4 1-0

[Event "PRO League Group Stage"]
[Site "chess.com INT"]
[Date "2020.02.17"]
[Round "7"]
[White "Bacrot, Etienne"]
[Black "Brunello, Sabino"]
[Result "1-0"]
[WhiteTitle "GM"]
[BlackTitle "GM"]
[WhiteElo "2679"]
[BlackElo "2536"]
[WhiteTeam "France Roosters"]
[BlackTeam "Italy Gladiators"]
[WhiteFideId "605506"]
[BlackFideId "813613"]
[EventDate "2020.01.06"]

1. e4 c6 2. c4 d5 3. exd5 cxd5 4. d4 Nf6 5. Nc3 e6 6. Nf3 Bb4 7. cxd5 Nxd5 8.
Bd2 Nc6 9. Bd3 O-O 10. O-O Nf6 11. Bg5 h6 12. Bh4 Be7 13. Re1 Nh5 14. Bg3 Nxg3
15. hxg3 Bf6 16. Re4 Bd7 17. Qd2 Nb4 18. Bb1 Bc6 19. Rg4 h5 20. Qh6 Re8 21. Qxh5
Bxf3 22. gxf3 Bxd4 23. Bh7+ Kf8 24. Rf4 Qd7 25. Bg6 Bf6 26. Rd1 Nd5 27. Nxd5
exd5 28. Rxd5 Re1+ 29. Kg2 Qe8 30. Bd3 a6 31. Rc5 Rd8 32. Be4 Qd7 33. Rd5 Qc7
34. Rxd8+ Qxd8 35. Qh8+ Ke7 36. Qxd8+ Kxd8 37. Bxb7 a5 38. Bd5 Re2 39. Bxf7 Rxb2
40. Ra4 Kc7 41. f4 Kb6 42. Kf3 Be7 43. Bc4 Rb4 44. Rxb4+ axb4 45. Ke4 Kc5 46.
Bb3 Bf6 47. Kf5 Bd4 48. Kg6 Bxf2 49. g4 Bd4 50. g5 Kd6 51. Kf7 Be3 52. Kxg7 Bxf4
53. g6 Ke7 54. Kh7 Be5 55. g7 1-0

[Event "PRO League Group Stage"]
[Site "chess.com INT"]
[Date "2020.02.17"]
[Round "7"]
[White "Vachier-Lagrave, Maxime"]
[Black "Valsecchi, Alessio"]
[Result "1-0"]
[WhiteTitle "GM"]
[BlackTitle "GM"]
[WhiteElo "2770"]
[BlackElo "2512"]
[WhiteTeam "France Roosters"]
[BlackTeam "Italy Gladiators"]
[WhiteFideId "623539"]
[BlackFideId "818860"]
[EventDate "2020.01.06"]

1. e4 e5 2. Nf3 Nc6 3. Bc4 Bc5 4. b4 Bxb4 5. c3 Be7 6. d4 Na5 7. Nxe5 Nxc4 8.
Nxc4 d5 9. exd5 Qxd5 10. Ne3 Qd8 11. O-O Nf6 12. Qf3 c6 13. a4 O-O 14. Ba3 Bxa3
15. Nxa3 Be6 16. Nac2 Qa5 17. c4 Rad8 18. Rfb1 Bc8 19. h3 Rfe8 20. Re1 h6 21.
Rad1 c5 22. d5 a6 23. Ra1 Ne4 24. Nf5 Bxf5 25. Qxf5 Nd6 26. Rxe8+ Rxe8 27. Qf4
Qc3 28. Qxd6 Qxc2 29. Qxc5 g6 30. Qc7 b5 31. axb5 axb5 32. d6 Qc3 33. Rf1 Re1
34. cxb5 Rxf1+ 35. Kxf1 Qa1+ 36. Ke2 Qe5+ 37. Kd3 Qxb5+ 38. Kc3 Qe5+ 39. Kb4
Qb2+ 40. Ka5 Qa2+ 41. Kb5 Qb2+ 42. Ka6 Qe2+ 43. Kb7 Qb5+ 44. Kc8 Qa6+ 45. Kb8
Qb5+ 46. Qb7 Qe5 47. Qc6 Kf8 48. Kc8 Qe6+ 49. Kb7 Qb3+ 50. Kc7 Qa3 51. d7 Qa7+
52. Kc8 1-0

[Event "PRO League Group Stage"]
[Site "chess.com INT"]
[Date "2020.02.17"]
[Round "7"]
[White "Dvirnyy, Danyyil"]
[Black "Libiszewski, Fabien"]
[Result "1-0"]
[WhiteTitle "GM"]
[BlackTitle "GM"]
[WhiteElo "2485"]
[BlackElo "2522"]
[WhiteTeam "Italy Gladiators"]
[BlackTeam "France Roosters"]
[WhiteFideId "817570"]
[BlackFideId "616834"]
[EventDate "2020.01.06"]

1. d4 Nf6 2. c4 g6 3. Nc3 Bg7 4. e4 d6 5. Nf3 O-O 6. Be2 Nbd7 7. O-O e5 8. Be3
Qe7 9. Qc2 c6 10. d5 c5 11. Bg5 a6 12. a3 h6 13. Bd2 Nh7 14. g3 Ndf6 15. b4 b6
16. Rab1 Bh3 17. Rfe1 Ng4 18. Nh4 Bf6 19. Ng2 Bg5 20. bxc5 bxc5 21. Nd1 f5 22.
exf5 gxf5 23. f4 Bf6 24. Qxf5 exf4 25. Qg6+ Qg7 26. Qxg7+ Bxg7 27. Nxf4 Bd4+ 28.
Kh1 Rxf4 29. gxf4 Nhf6 30. Rb3 1-0

[Event "PRO League Group Stage"]
[Site "chess.com INT"]
[Date "2020.02.17"]
[Round "7"]
[White "Gilevych, Artem"]
[Black "Gozzoli, Yannick"]
[Result "1-0"]
[WhiteTitle "IM"]
[BlackTitle "GM"]
[WhiteElo "2415"]
[BlackElo "2604"]
[WhiteTeam "Italy Gladiators"]
[BlackTeam "France Roosters"]
[WhiteFideId "14121379"]
[BlackFideId "616915"]
[EventDate "2020.01.06"]

1. d4 d5 2. c4 c6 3. Nc3 Nf6 4. Nf3 e6 5. e3 Nbd7 6. Qc2 Bd6 7. Bd3 O-O 8. O-O
dxc4 9. Bxc4 e5 10. Bb3 Qe7 11. h3 h6 12. Nh4 Qd8 13. Nf5 Bc7 14. Rd1 Qe8 15.
Nb5 cxb5 16. Qxc7 exd4 17. exd4 Nb6 18. Nd6 Qd7 19. Qxd7 Bxd7 20. Nxb7 a5 21. a3
Bc6 22. Nd6 Rfd8 23. Nxf7 Bd5 24. Bxd5 Rxd5 25. Ne5 Na4 26. Rb1 Rc8 27. Be3 Rc2
28. Nd3 Rd8 29. Rdc1 Rxc1+ 30. Rxc1 Nd5 31. Rc2 Re8 32. Ne5 b4 33. axb4 axb4 34.
b3 Nac3 35. Kh2 Ra8 36. Nc6 Ra3 37. Nxb4 Rxb3 38. Nxd5 Nxd5 39. Re2 Kf7 40. Kg3
Ke6 41. Kf3 Nc3 42. Re1 Kd5 43. Ra1 Nb5 44. Ra5 Kc4 45. Kg4 Nc3 46. Rc5+ Kd3 47.
Rc7 g6 48. Bxh6 Ne4 49. Be3 Rb2 50. Rf7 Kc4 51. Rf4 Nc3 52. Kg5 Nd5 53. Rf3 Rb6
54. g4 Re6 55. Kh4 Kd3 56. Kg3 Ke2 57. h4 Rc6 58. h5 gxh5 59. gxh5 Rc8 60. Rf5
Nxe3 61. fxe3 Kxe3 62. h6 Kxd4 63. h7 Rh8 64. Rh5 1-0

[Event "PRO League Group Stage"]
[Site "chess.com INT"]
[Date "2020.02.17"]
[Round "7"]
[White "Braun, Arik"]
[Black "Klekowski, Maciej"]
[Result "1-0"]
[WhiteTitle "GM"]
[BlackTitle "IM"]
[WhiteElo "2605"]
[BlackElo "2515"]
[WhiteTeam "Germany Bears"]
[BlackTeam "Poland Hussars"]
[WhiteFideId "4663527"]
[BlackFideId "1132717"]
[EventDate "2020.01.06"]

1. c4 Nf6 2. Nc3 e6 3. d4 Bb4 4. Qc2 d5 5. cxd5 exd5 6. Bg5 h6 7. Bh4 Nc6 8. e3
g5 9. Bg3 Ne4 10. Bb5 h5 11. f3 Nxg3 12. hxg3 Qd6 13. Ne2 a6 14. Bd3 Be6 15. a3
Bxc3+ 16. Qxc3 Ne7 17. g4 h4 18. O-O-O O-O-O 19. Qc2 Kb8 20. Kb1 Qd7 21. Nc3 f5
22. gxf5 Nxf5 23. Rhe1 h3 24. Na4 b6 25. gxh3 Rxh3 26. Bxa6 Rxf3 27. Nc5 Qe7 28.
Nxe6 Qxe6 29. Rc1 Qd6 30. Qa4 Ne7 31. Bb5 Rf2 32. Rh1 g4 33. Rh7 c5 34. Qa6 Rf6
35. dxc5 bxc5 36. Qxd6+ Rdxd6 37. Rxe7 Rg6 38. Rxc5 g3 39. Bf1 g2 40. Bxg2 Rxg2
41. Re5 Rb6 42. Rc2 Rg1+ 43. Ka2 Rd1 44. Re7 d4 45. Rh2 Rb7 46. Rxb7+ Kxb7 47.
exd4 Rxd4 48. Rh3 Rd1 49. Kb3 Kb6 50. Kc4 Rc1+ 51. Kb4 Rd1 52. Rh6+ Kb7 53. a4
Rd4+ 54. Kb5 Rg4 55. a5 Kb8 56. b4 Ka7 57. Rh7+ Ka8 58. a6 Rg1 59. Kb6 Rg6+ 60.
Ka5 Rg5+ 61. b5 Rf5 62. Rc7 Rg5 63. Kb6 Rg6+ 64. Rc6 Rg8 65. Re6 Rc8 66. Rd6
Rb8+ 67. Kc5 Rc8+ 68. Rc6 Rh8 69. b6 Rh5+ 70. Kb4 Rh4+ 71. Rc4 Rh8 72. Kb5 Rh5+
73. Rc5 Rh8 74. b7+ Kb8 75. Kb6 Rh6+ 76. Rc6 Rxc6+ 77. Kxc6 Ka7 78. Kc7 Kxa6 79.
b8=Q 1-0

[Event "PRO League Group Stage"]
[Site "chess.com INT"]
[Date "2020.02.17"]
[Round "7"]
[White "Tomczak, Jacek"]
[Black "Kashlinskaya, Alina"]
[Result "1-0"]
[WhiteTitle "GM"]
[BlackTitle "IM"]
[WhiteElo "2603"]
[BlackElo "2484"]
[WhiteTeam "Germany Bears"]
[BlackTeam "Poland Hussars"]
[WhiteFideId "1124668"]
[BlackFideId "4198026"]
[EventDate "2020.01.06"]

1. e4 e5 2. Nf3 Nf6 3. d4 Nxe4 4. Bd3 d5 5. Nxe5 Nd7 6. Nc3 Nxc3 7. bxc3 Bd6 8.
Qh5 g6 9. Nxg6 Nf6 10. Qe2+ Be6 11. Nxh8 Kd7 12. Rb1 Qxh8 13. Rxb7 Qg7 14. O-O
Rg8 15. g3 h5 16. Bb5+ Kc8 17. Ba6 h4 18. Rb8+ Kd7 19. Bb5+ Ke7 20. Rxg8 Qxg8
21. Qf3 Ne4 22. Bf4 h3 23. Re1 Kd8 24. Bxd6 cxd6 25. Qf4 Kc7 26. c4 f5 27. c5
Qg6 28. cxd6+ Nxd6 29. Re3 Bc8 30. Rc3+ Kb6 31. Rc6+ Kxb5 32. Qxd6 Qe8 33. Qxd5+
Ka4 34. Qc4+ Ka3 35. Qb3# 1-0

[Event "PRO League Group Stage"]
[Site "chess.com INT"]
[Date "2020.02.17"]
[Round "7"]
[White "Plichta, Kamil"]
[Black "Mons, Leon"]
[Result "0-1"]
[WhiteTitle "FM"]
[BlackTitle "GM"]
[WhiteElo "2353"]
[BlackElo "2554"]
[WhiteTeam "Poland Hussars"]
[BlackTeam "Germany Bears"]
[WhiteFideId "1141830"]
[BlackFideId "4614950"]
[EventDate "2020.01.06"]

1. Nf3 d5 2. g3 Nd7 3. Bg2 e5 4. O-O c6 5. d3 Ngf6 6. e4 dxe4 7. dxe4 Bc5 8. Qe2
O-O 9. c3 a5 10. a4 Qc7 11. Nh4 Re8 12. Nd2 Nf8 13. Nc4 Bg4 14. Bf3 Bh3 15. Rd1
Ng6 16. Nxg6 hxg6 17. Be3 Qe7 18. Rd2 Red8 19. Rxd8+ Rxd8 20. Nxa5 Bxe3 21. Qxe3
Qc7 22. Nc4 Be6 23. Qc5 Nd7 24. Qb4 Nf6 25. Ne3 Rd2 26. Rd1 Qd7 27. Rxd2 Qxd2
28. Kg2 Bh3+ 29. Kxh3 Qxf2 30. Ng4 Qxf3 31. Nxf6+ gxf6 32. Qxb7 Kg7 33. Qd7 Qf1+
34. Kg4 Qe2+ 35. Kh3 Kh6 36. Qc8 Kg5 0-1

[Event "PRO League Group Stage"]
[Site "chess.com INT"]
[Date "2020.02.17"]
[Round "7"]
[White "Polok, Kacper"]
[Black "Kollars, Dmitrij"]
[Result "0-1"]
[WhiteTitle "FM"]
[BlackTitle "GM"]
[WhiteElo "2313"]
[BlackElo "2592"]
[WhiteTeam "Poland Hussars"]
[BlackTeam "Germany Bears"]
[WhiteFideId "1137158"]
[BlackFideId "12909572"]
[EventDate "2020.01.06"]

1. e4 c5 2. Nc3 Nc6 3. Bb5 Nd4 4. Bc4 a6 5. d3 b5 6. Bb3 e6 7. Nf3 Nxb3 8. axb3
Bb7 9. O-O Nf6 10. e5 Nd5 11. Nxd5 Bxd5 12. c4 Bb7 13. d4 cxd4 14. Nxd4 bxc4 15.
bxc4 Qh4 16. Be3 Qe4 17. Qf3 Qxf3 18. Nxf3 f6 19. Ra5 Bb4 20. Ra4 a5 21. Bd2
Bxf3 22. Bxb4 axb4 23. Rxb4 Bc6 24. exf6 gxf6 25. f4 Ke7 26. Rb3 Rab8 27. Rxb8
Rxb8 28. Rf2 Rb4 29. Kf1 Rxc4 30. Ke1 Be4 31. Kd1 d5 32. g3 d4 33. b3 Rc3 34.
Rb2 d3 35. b4 Rc2 36. Rxc2 dxc2+ 37. Kd2 Kd6 38. g4 h6 39. h4 Kc6 40. g5 fxg5
41. fxg5 hxg5 42. hxg5 Kb5 0-1

[Event "PRO League Group Stage"]
[Site "chess.com INT"]
[Date "2020.02.17"]
[Round "7"]
[White "Neiksans, Arturs"]
[Black "Van Wely, Loek"]
[Result "0-1"]
[WhiteTitle "GM"]
[BlackTitle "GM"]
[WhiteElo "2560"]
[BlackElo "2609"]
[WhiteTeam "Sweden Wasabis"]
[BlackTeam "Netherlands Mosquitoes"]
[WhiteFideId "11601388"]
[BlackFideId "1000268"]
[EventDate "2020.01.06"]

1. e4 c5 2. Nf3 e6 3. g3 Nc6 4. Bg2 Nf6 5. Nc3 d6 6. O-O Be7 7. d4 cxd4 8. Nxd4
Bd7 9. Nce2 Nxd4 10. Nxd4 Rc8 11. b3 b5 12. Qd3 Qb6 13. Bb2 O-O 14. Rac1 Rc7 15.
Nf3 e5 16. Nd2 Rfc8 17. c4 h6 18. Qb1 a6 19. h3 Nh5 20. Qd3 Bg5 21. Rc2 Be6 22.
Rd1 Rc6 23. Bf1 Bxd2 24. Rcxd2 bxc4 25. bxc4 Bxc4 26. Qf3 Bxf1 27. Qxh5 Bc4 28.
Ba3 Rd8 29. Qf3 Be6 30. Kh2 Qc7 31. Qd3 Qc8 32. Bb4 Bxh3 33. g4 Bxg4 34. Rg1 Rc1
35. Rxc1 Qxc1 36. f3 Be6 37. Rg2 Qf4+ 38. Kg1 d5 39. Bd2 Qh4 40. Qc3 Qf6 41. Qc7
dxe4 42. fxe4 Rd7 43. Qb8+ Kh7 44. Qb1 Qf3 45. Qc2 Rd4 46. Rf2 Qxe4 47. Qc3 Rd3
48. Qa5 Rg3+ 0-1

[Event "PRO League Group Stage"]
[Site "chess.com INT"]
[Date "2020.02.17"]
[Round "7"]
[White "Hellers, Ferdinand"]
[Black "Admiraal, Miguoel"]
[Result "0-1"]
[WhiteTitle "GM"]
[BlackTitle "IM"]
[WhiteElo "2592"]
[BlackElo "2498"]
[WhiteTeam "Sweden Wasabis"]
[BlackTeam "Netherlands Mosquitoes"]
[WhiteFideId "1700022"]
[BlackFideId "1019716"]
[EventDate "2020.01.06"]

1. e4 c6 2. d4 d5 3. Nc3 dxe4 4. Nxe4 Bf5 5. Ng3 Bg6 6. h4 h6 7. Nf3 e6 8. h5
Bh7 9. Bd3 Bxd3 10. Qxd3 Nf6 11. Bd2 Be7 12. O-O-O O-O 13. Kb1 c5 14. Bc3 Nc6
15. Ne4 Nb4 16. Bxb4 cxb4 17. Nxf6+ Bxf6 18. Qe4 Qc7 19. Ne5 Rac8 20. f4 Bxe5
21. fxe5 Rfd8 22. Rd2 a5 23. g4 Qe7 24. Qe3 a4 25. Rg1 Rc4 26. g5 hxg5 27. b3
Rc3 28. Qxg5 Qxg5 29. Rxg5 a3 30. Rdg2 Rxd4 31. Rxg7+ Kf8 32. Rg8+ Ke7 33. Rg1
Rd2 34. Rb8 Rc7 35. Rc1 Rh2 36. Rh8 Re2 37. h6 Rxe5 38. h7 Rh5 39. Ra8 Rxh7 40.
Ra4 Rh4 41. c4 Rh2 42. Rxb4 Rb2+ 43. Ka1 f5 44. Ra4 f4 45. Rxa3 Re2 0-1

[Event "PRO League Group Stage"]
[Site "chess.com INT"]
[Date "2020.02.17"]
[Round "7"]
[White "Klein, David"]
[Black "Miezis, Normunds"]
[Result "1-0"]
[WhiteTitle "GM"]
[BlackTitle "GM"]
[WhiteElo "2495"]
[BlackElo "2484"]
[WhiteTeam "Netherlands Mosquitoes"]
[BlackTeam "Sweden Wasabis"]
[WhiteFideId "1003623"]
[BlackFideId "11600136"]
[EventDate "2020.01.06"]

1. e4 c5 2. Nf3 e6 3. d4 cxd4 4. Nxd4 a6 5. Nc3 Qc7 6. Bd3 Nc6 7. Nxc6 dxc6 8.
O-O e5 9. a4 Nf6 10. Be3 Ng4 11. Bc1 Bc5 12. h3 Nf6 13. Bg5 h6 14. Bd2 Be6 15.
a5 Rd8 16. Na4 Bd4 17. Qe2 g5 18. Kh1 g4 19. hxg4 Nxg4 20. f3 Qe7 21. g3 Nf6 22.
Qh2 Rg8 23. Kg2 Rg6 24. Rh1 Kd7 25. Nb6+ Kc7 26. Rab1 Kb8 27. Kf1 Rdg8 28. Be1
h5 29. Ke2 R6g7 30. Qh4 Qd8 31. c3 Bc5 32. b4 Be7 33. Qh2 h4 34. Qxh4 Rh7 35.
Qxh7 Nxh7 36. Rxh7 Rh8 37. Rxh8 Qxh8 38. Bf2 Qh2 39. Nc4 f6 40. g4 Qh8 41. Rd1
Qg8 42. Ne3 c5 43. bxc5 Bxc5 44. Rb1 Ka7 45. Nf5 Bxf2 46. Kxf2 Bxf5 47. exf5
Qa2+ 48. Kg3 Qxa5 49. Be4 b5 50. c4 Qd2 51. cxb5 axb5 52. Kh3 b4 53. g5 fxg5 54.
f6 Qf4 55. Rxb4 Qxf6 56. Kg2 Qf4 57. Rb3 g4 58. Bd5 Qd2+ 59. Kg3 Qxd5 60. Ra3+
Kb6 61. fxg4 Qd4 62. Rb3+ Kc6 63. Rf3 Kd5 64. g5 Qg1+ 65. Kh4 Ke4 66. Rg3 Qh2+
67. Rh3 Qg2 68. Rg3 Qh1+ 69. Rh3 Qe1+ 70. Kh5 Kf4 71. g6 Qg1 72. Kh6 Qg5+ 73.
Kh7 1-0

[Event "PRO League Group Stage"]
[Site "chess.com INT"]
[Date "2020.02.17"]
[Round "7"]
[White "Van der Lende, Ilias"]
[Black "Blomqvist, Erik"]
[Result "0-1"]
[WhiteTitle "IM"]
[BlackTitle "GM"]
[WhiteElo "2393"]
[BlackElo "2539"]
[WhiteTeam "Netherlands Mosquitoes"]
[BlackTeam "Sweden Wasabis"]
[WhiteFideId "1019260"]
[BlackFideId "1709437"]
[EventDate "2020.01.06"]

1. d4 Nf6 2. Nf3 d5 3. c4 c6 4. Nc3 dxc4 5. a4 Bf5 6. e3 e6 7. Bxc4 Bb4 8. O-O
O-O 9. h3 Nbd7 10. Nh4 Nb6 11. Qb3 a5 12. Nxf5 exf5 13. Bd3 g6 14. Na2 Bd6 15.
Bd2 Bc7 16. Qa3 Re8 17. Rfc1 Nbd5 18. Qc5 Bd6 19. Qc2 Qe7 20. Qd1 h5 21. Qe1 Bc7
22. h4 Ne4 23. Bxe4 fxe4 24. g3 g5 25. Qe2 Nf6 26. Rc5 gxh4 27. Rg5+ Kh7 28.
gxh4 Rg8 29. f4 exf3 30. Qxf3 Rxg5+ 31. hxg5 Rg8 32. Qf5+ Rg6 33. e4 Qxe4 34.
Rf1 Qxd4+ 35. Qf2 Qxf2+ 36. Rxf2 Bb6 37. Kf1 Bxf2 0-1

[Event "PRO League Group Stage"]
[Site "chess.com INT"]
[Date "2020.02.17"]
[Round "7"]
[White "Narayanan, Srinath"]
[Black "Narciso Dublan, Marc"]
[Result "1/2-1/2"]
[WhiteTitle "GM"]
[BlackTitle "GM"]
[WhiteElo "2535"]
[BlackElo "2491"]
[WhiteTeam "Norway Gnomes"]
[BlackTeam "Spain Raptors"]
[WhiteFideId "5018420"]
[BlackFideId "2201500"]
[EventDate "2020.01.06"]

1. Nf3 d5 2. g3 Bg4 3. Bg2 e6 4. d3 Nf6 5. Nbd2 Bc5 6. c4 Nbd7 7. h3 Bh5 8. g4
Bg6 9. Nh4 c6 10. Nxg6 hxg6 11. Nf3 dxc4 12. dxc4 Ne4 13. e3 Qf6 14. Qc2 Bb4+
15. Ke2 Ng5 16. Nxg5 Qxg5 17. a3 Be7 18. b4 Bf6 19. Bb2 Bxb2 20. Qxb2 Qe5 21.
Rab1 Qxb2+ 22. Rxb2 O-O-O 23. f4 1/2-1/2

[Event "PRO League Group Stage"]
[Site "chess.com INT"]
[Date "2020.02.17"]
[Round "7"]
[White "Hammer, Jon Ludvig"]
[Black "Diaz Camallonga, Carles"]
[Result "1/2-1/2"]
[WhiteTitle "GM"]
[BlackTitle "IM"]
[WhiteElo "2628"]
[BlackElo "2474"]
[WhiteTeam "Norway Gnomes"]
[BlackTeam "Spain Raptors"]
[WhiteFideId "1503707"]
[BlackFideId "22235256"]
[EventDate "2020.01.06"]

1. c4 e6 2. Nc3 d5 3. d4 Be7 4. Nf3 Nf6 5. Bf4 O-O 6. e3 Nbd7 7. c5 Ne4 8. Nxe4
dxe4 9. Ne5 Nxe5 10. Bxe5 Bd7 11. Be2 Bc6 12. O-O a5 13. Qc2 Bf6 14. Bg3 Qe7 15.
Rad1 Rfd8 16. b3 Bd5 17. Bc4 h5 18. h3 Bc6 19. Qe2 h4 20. Bh2 g6 21. a3 Bg7 22.
b4 axb4 23. axb4 Ra4 24. b5 Bd5 25. Bxd5 exd5 26. Ra1 Rda8 27. Rxa4 Rxa4 28. Qg4
Ra8 29. Qf4 c6 30. b6 f5 31. Qc7 Bf6 32. Rb1 Qf7 33. Kf1 Bd8 34. Qf4 Kh7 35. Ke2
Qe6 36. Kf1 g5 37. Qe5 Qxe5 38. Bxe5 Ra2 39. Kg1 Kg6 40. g3 hxg3 41. fxg3 Ra3
42. g4 f4 43. Re1 fxe3 44. Kf1 Bf6 45. Bxf6 Kxf6 46. Ke2 Rd3 47. Rd1 Rb3 48.
Rf1+ Kg6 49. Rf8 Rb2+ 50. Kxe3 Rb3+ 51. Ke2 Rxh3 52. Rb8 Rh7 53. Rc8 Rf7 54. Rc7
Kf6 55. Rxf7+ Kxf7 56. Ke3 Ke7 57. Ke2 Kd7 58. Ke3 Ke7 59. Ke2 Kd7 60. Ke3 Ke7 1/2-1/2

[Event "PRO League Group Stage"]
[Site "chess.com INT"]
[Date "2020.02.17"]
[Round "7"]
[White "Asis Gargatagli, Hipolito"]
[Black "Niemann, Hans Moke"]
[Result "1/2-1/2"]
[WhiteTitle "GM"]
[BlackTitle "IM"]
[WhiteElo "2490"]
[BlackElo "2465"]
[WhiteTeam "Spain Raptors"]
[BlackTeam "Norway Gnomes"]
[WhiteFideId "2260735"]
[BlackFideId "2093596"]
[EventDate "2020.01.06"]

1. e4 c5 2. Nf3 Nc6 3. d4 cxd4 4. Nxd4 Nf6 5. Nc3 d6 6. f3 e5 7. Nb3 Be6 8. Nd5
Bxd5 9. exd5 Nb8 10. Be3 Nbd7 11. Qd2 g6 12. O-O-O Bg7 13. Kb1 h5 14. Na5 Qc7
15. Qb4 O-O 16. h3 Rfc8 17. c4 h4 18. Bg5 e4 19. Bxh4 exf3 20. gxf3 Ne5 21. Bg3
Nh5 22. Bh2 b6 23. Nc6 Nxc6 24. dxc6 Qxc6 25. Be2 Be5 26. f4 Nxf4 27. Bxf4 Bxf4
28. Rhf1 Qe4+ 29. Bd3 Qe5 30. Rde1 Qd4 31. Qb3 Re8 32. c5 Rxe1+ 33. Rxe1 d5 34.
c6 Rc8 35. Bb5 a6 36. Rd1 Qe4+ 37. Bd3 Qe6 38. Bxa6 Rxc6 39. a3 Rd6 40. h4 Qg4
41. Rxd5 Rxd5 42. Qxd5 Qxh4 43. Qc6 Qe1+ 44. Ka2 Qe3 45. Bc4 Kg7 46. Qd7 Be5 47.
Qxf7+ Kh6 48. Qf8+ Bg7 49. Qf1 Qd4 50. Qh3+ Kg5 51. Qg2+ Kh6 52. Bf7 Qd3 53. Qg4
Bf6 54. Bc4 Qc2 55. Qe2 Qxe2 56. Bxe2 Kg5 57. b4 Kf4 58. a4 Bc3 59. Kb3 Be1 60.
Kc4 g5 61. Kb5 g4 62. Bxg4 Kxg4 63. Kxb6 Bxb4 64. a5 Bxa5+ 1/2-1/2

[Event "PRO League Group Stage"]
[Site "chess.com INT"]
[Date "2020.02.17"]
[Round "7"]
[White "Herrera Reyes, Jose Antonio"]
[Black "Holm, Kristian Stuvik"]
[Result "0-1"]
[WhiteTitle "FM"]
[BlackTitle "IM"]
[WhiteElo "2304"]
[BlackElo "2484"]
[WhiteTeam "Spain Raptors"]
[BlackTeam "Norway Gnomes"]
[WhiteFideId "2274914"]
[BlackFideId "1508083"]
[EventDate "2020.01.06"]

1. e4 c5 2. c3 Nf6 3. e5 Nd5 4. d4 cxd4 5. Nf3 Nc6 6. cxd4 d6 7. Bc4 dxe5 8.
dxe5 Nb6 9. Qxd8+ Nxd8 10. Bb3 Bg4 11. Nd4 e6 12. Nb5 Rc8 13. Be3 Bb4+ 14. N1c3
a6 15. a3 Bxc3+ 16. Nxc3 Nc4 17. Ne4 Bf5 18. Nd6+ Nxd6 19. exd6 Kd7 20. Bf4 Nc6
21. Rd1 Na5 22. Ba2 Rc2 23. Be5 Nc4 24. Bd4 Nxb2 25. Bb1 Nxd1 26. Bxc2 Bxc2 27.
Kd2 Ba4 28. h4 f6 29. h5 e5 30. Bc5 Rc8 31. Bb4 Nxf2 32. Rb1 Rc2+ 33. Ke3 Ng4+
34. Kf3 f5 35. Kg3 Bc6 0-1

[Event "PRO League Group Stage"]
[Site "chess.com INT"]
[Date "2020.02.17"]
[Round "7"]
[White "Brunello, Sabino"]
[Black "Vachier-Lagrave, Maxime"]
[Result "1/2-1/2"]
[WhiteTitle "GM"]
[BlackTitle "GM"]
[WhiteElo "2536"]
[BlackElo "2770"]
[WhiteTeam "Italy Gladiators"]
[BlackTeam "France Roosters"]
[WhiteFideId "813613"]
[BlackFideId "623539"]
[EventDate "2020.01.06"]

1. d4 Nf6 2. c4 b6 3. f3 e6 4. Nc3 d5 5. Bg5 Be7 6. e3 O-O 7. Bd3 dxc4 8. Bxc4
Bb7 9. Nge2 Nbd7 10. O-O c5 11. Bh4 Rc8 12. Bb3 cxd4 13. exd4 Re8 14. Bf2 Nf8
15. Qd3 Ng6 16. Rad1 Bd6 17. Rfe1 Nh5 18. d5 Nhf4 19. Nxf4 Nxf4 20. Qd2 exd5 21.
Rxe8+ Qxe8 22. Nxd5 Bxd5 23. Bxd5 Qe5 24. g3 Nh3+ 25. Kg2 Nxf2 26. Qxf2 h5 27.
f4 Qf6 28. Qe2 h4 29. Rd2 g6 30. Qg4 Rc1 31. Qxh4 Qxh4 32. gxh4 Kg7 33. Bxf7
Bxf4 34. Rd7 Rc7 35. Rxc7 1/2-1/2

[Event "PRO League Group Stage"]
[Site "chess.com INT"]
[Date "2020.02.17"]
[Round "7"]
[White "Valsecchi, Alessio"]
[Black "Bacrot, Etienne"]
[Result "1-0"]
[WhiteTitle "GM"]
[BlackTitle "GM"]
[WhiteElo "2512"]
[BlackElo "2679"]
[WhiteTeam "Italy Gladiators"]
[BlackTeam "France Roosters"]
[WhiteFideId "818860"]
[BlackFideId "605506"]
[EventDate "2020.01.06"]

1. e4 c5 2. Nf3 d6 3. d4 cxd4 4. Nxd4 Nf6 5. Nc3 a6 6. Bg5 Nbd7 7. Bc4 Qc7 8.
Bb3 e6 9. Qe2 Nc5 10. O-O-O Be7 11. f4 h6 12. Bh4 Nxb3+ 13. axb3 Qa5 14. e5 dxe5
15. fxe5 Nd7 16. Bxe7 Kxe7 17. Rhf1 Rf8 18. Kb1 Ke8 19. Ne4 Qxe5 20. Nc6 bxc6
21. Nd6+ Ke7 22. Nxc8+ Ke8 23. Nd6+ Ke7 24. Nf5+ Ke8 25. Qd2 Ra7 26. Rde1 Qd5
27. Nxg7+ Kd8 28. Qxh6 Kc8 29. Rd1 Qe5 30. Rde1 Qc5 31. Nh5 a5 32. Nf4 a4 33.
Nd3 Qd5 34. Qe3 c5 35. c4 Qxg2 36. Nxc5 Qg6+ 37. Ne4 Kb8 38. Qd4 axb3 39. Rf3
Rb7 40. c5 Rc8 41. Qd6+ Rcc7 42. c6 Rb6 43. Rxb3 Rxb3 44. cxd7 Rxb2+ 45. Kxb2
Qg2+ 46. Ka1 Qg7+ 47. Kb1 Ka7 48. Qxc7+ 1-0